000 00619nam a2200277Ia 4500
005 20260324124743.0
008 008 260324s9999 xx 000 0 eng d
020 _a9780203796306
037 _aEBOOK
040 _aCRL
040 _beng
040 _cCRL
041 _2eng
041 _aeng
084 _qCRL
100 _aOzlem Gurses
_91175365
245 0 _aReinsuring Clauses
260 _bTaylor and Francis
260 _c2010
365 _a
365 _b780
856 _uhttp://www.taylorfrancis.com/books/9780203796306
942 _cEBOOK
999 _c1770038
_d1770038